Documentar, recordar, accionar / (Record no. 4590)

MARC details
000 -LEADER
campo de control de longitud fija 01582nam a22003377i 4500
003 - IDENTIFICADOR DE NÚMERO DE CONTROL
campo de control OSt
005 - FECHA Y HORA DE LA ÚLTIMA TRANSACCIÓN
campo de control 20251209173611.0
008 - DATOS DE LONGITUD FIJA--INFORMACIÓN GENERAL
campo de control de longitud fija 251209e2022 cr|oa||gr|||| 101 0 spa d
020 ## - NÚMERO INTERNACIONAL ESTÁNDAR DEL LIBRO
Número Internacional Estándar del Libro 9789968090025
040 ## - FUENTE DE CATALOGACIÓN
Lengua de catalogación spa
Centro/agencia transcriptor LADOV
041 0# - CÓDIGO DE IDIOMA
Código de lengua del texto/banda sonora o título independiente spa
082 04 - NÚMERO DE LA CLASIFICACIÓN DECIMAL DEWEY
Número de clasificación 700.74
Número de ítem S563d
100 1# - ENTRADA PRINCIPAL--NOMBRE DE PERSONA
Nombre de persona Sibaja Hidalgo, Antonieta
Fechas asociadas al nombre 1981-
Término indicativo de función/relación autora
-- compiladora
-- editora
245 10 - MENCIÓN DEL TÍTULO
Título Documentar, recordar, accionar /
Mención de responsabilidad, etc. coordinación editorial y edición José Daniel Picado-García y Antonieta Sibaja Hidalgo ; recopilación de textos Antonieta Sibaja Higaldo ; autoría de los textos Antonieta Sibaja Hidalgo, José Picado García, Fernando Chaves Espinach, Osvaldo López, M. Paola Malavasi L. [y otros nueve].
250 ## - MENCION DE EDICION
Mención de edición Primera edición
260 ## - PUBLICACIÓN, DISTRIBUCIÓN, ETC.
Lugar de publicación, distribución, etc. San José, Costa Rica :
Nombre del editor, distribuidor, etc. Museo de Arte y Diseño Contemporáneo,
Fecha de publicación, distribución, etc. 2022.
300 ## - DESCRIPCIÓN FÍSICA
Extensión 100 páginas :
Otras características físicas fotografías a color.
500 ## - NOTA GENERAL
Nota general El simposio Documentar. Recordar. Accionar se llevó a cabo el 22 y 23 de septiembre 2022, en la sala 3 del MACD, Costa Rica.
650 04 - PUNTO DE ACCESO ADICIONAL DE MATERIA--TÉRMINO DE MATERIA
Término de materia o nombre geográfico como elemento de entrada Artes
650 04 - PUNTO DE ACCESO ADICIONAL DE MATERIA--TÉRMINO DE MATERIA
Término de materia o nombre geográfico como elemento de entrada Diseño
650 04 - PUNTO DE ACCESO ADICIONAL DE MATERIA--TÉRMINO DE MATERIA
Término de materia o nombre geográfico como elemento de entrada Arte
Subdivisión de forma conferencias
650 04 - PUNTO DE ACCESO ADICIONAL DE MATERIA--TÉRMINO DE MATERIA
Término de materia o nombre geográfico como elemento de entrada Colecciones de museo
650 04 - PUNTO DE ACCESO ADICIONAL DE MATERIA--TÉRMINO DE MATERIA
Término de materia o nombre geográfico como elemento de entrada Arte contemporáneo
650 04 - PUNTO DE ACCESO ADICIONAL DE MATERIA--TÉRMINO DE MATERIA
Término de materia o nombre geográfico como elemento de entrada Arte
Subdivisión de forma investigación
700 1# - ENTRADA AGREGADA--NOMBRE PERSONAL
Nombre de persona Picado García, José Daniel
Término indicativo de función/relación autor
-- editor
700 1# - ENTRADA AGREGADA--NOMBRE PERSONAL
Nombre de persona Chaves Espinach, Fernando
Término indicativo de función/relación autor
700 1# - ENTRADA AGREGADA--NOMBRE PERSONAL
Nombre de persona López, Osvaldo
Fechas asociadas al nombre 1968-
Término indicativo de función/relación autor
700 1# - ENTRADA AGREGADA--NOMBRE PERSONAL
Nombre de persona Malavasi Lachner, María Paola
Fechas asociadas al nombre 1987-
Término indicativo de función/relación autora
711 2# - ENTRADA AGREGADA--NOMBRE DE REUNIÓN
Nombre de congreso/reunión o jurisdicción como elemento de entrada Simposio Documentar. Recordar. Accionar (2022 septiembre 22-23 : San José, Costa Rica)
942 ## - ELEMENTOS DE ENTRADA SECUNDARIOS (KOHA)
Fuente del sistema de clasificación o colocación Clasificación Decimal Dewey
Tipo de ítem Koha Libros
Parte de la signatura que corresponde a la clasificación (Parte de la clasificación) 700.74
Parte de la signatura que identifica el ejemplar (Parte del ítem) S563d
Suprimir en OPAC No
Holdings
Estatus retirado Estado de pérdida Fuente del sistema de clasificación o colocación Estado de daño No para préstamo Colección Biblioteca de origen Biblioteca actual Fecha de adquisición Total de préstamos Signatura topográfica completa Código de barras Visto por última vez Precio de reemplazo Tipo de ítem Koha
    Clasificación Decimal Dewey     Libros Biblioteca LadoV Biblioteca LadoV 09/12/2025   700.74 S563d 005265 09/12/2025 09/12/2025 Libros